ბათუმის შოთა რუსთაველის სახელმწიფო უნივერსიტეტის ბიბლიოთეკა

Die Herren Der Erde / (ბიბ.ჩანაწერი № 36902)

000 -LEADER
fixed length control field 00539nam a2200205Ia 4500
001 - CONTROL NUMBER
control field 2853
003 - CONTROL NUMBER IDENTIFIER
control field GE_BSU
005 - DATE AND TIME OF LATEST TRANSACTION
control field 20190612152913.0
008 - FIXED-LENGTH DATA ELEMENTS--GENERAL INFORMATION
fixed length control field 181216s1995||||gw |||||||||||||| ||ger||
020 ## - INTERNATIONAL STANDARD BOOK NUMBER
International Standard Book Number 3921866677
040 ## - CATALOGING SOURCE
Transcribing agency GE_BSU
041 ## - LANGUAGE CODE
Language code of text/sound track or separate title ger
080 ## - UNIVERSAL DECIMAL CLASSIFICATION NUMBER
Universal Decimal Classification number 821.112.2 V-72
100 ## - MAIN ENTRY--PERSONAL NAME
Personal name Vinas, David
9 (RLIN) 2456
245 ## - TITLE STATEMENT
Title Die Herren Der Erde /
Remainder of title Theorie und Praxis Verlag
264 ## - PRODUCTION, PUBLICATION, DISTRIBUTION, MANUFACTURE, AND COPYRIGHT NOTICE
Place of production, publication, distribution, manufacture Auflage,
Date of production, publication, distribution, manufacture, or copyright notice 1995.
300 ## - PHYSICAL DESCRIPTION
Extent 303 p.
Other physical details 20 см.
653 ## - INDEX TERM--UNCONTROLLED
keyword გერმანული ლიტერატურა
942 ## - ADDED ENTRY ELEMENTS (KOHA)
Koha item type წიგნი
Source of classification or shelving scheme
ეგზემპლარები
Withdrawn status Lost status Source of classification or shelving scheme Damaged status Not for loan Permanent Location Current Location Shelving location Date acquired Full call number Barcode Date last seen Copy number Price effective from Koha item type Public note
          ბათუმის შოთა რუსთაველის სახელმწიფო უნივერსიტეტის მთავარი ბიბლიოთეკა ბათუმის შოთა რუსთაველის სახელმწიფო უნივერსიტეტის მთავარი ბიბლიოთეკა წიგნსაცავი 2018-12-17 821.112.2 V-72 4836 2018-12-17 4836 2018-12-17 წიგნი